Advanced international trade theory and evidence

Salvato in:
Dettagli Bibliografici
Autore principale: Feenstra, Robert C.
Natura: Libro
Lingua:inglese
Pubblicazione: Princeton Princeton University Press 2004
Soggetti:
Tags: Aggiungi Tag
Nessun Tag, puoi essere il primo ad aggiungerne!!

MARC

LEADER 00000nam$a2200000$$$4500
001 0105513
005 20240226124229.1
020 |a 0-691-11410-2 
020 |a 978-0-691-11410-1 
041 0 |a eng 
044 |a US 
245 1 0 |a Advanced international trade  |b theory and evidence  |c Robert C. Feenstra 
264 1 |a Princeton  |b Princeton University Press  |c 2004 
300 |a 484 s. 
610 2 0 |a obchod medzinárodný 
610 2 0 |a modely matematické 
610 2 0 |a modelovanie ekonometrické 
610 2 0 |a modely ekonomicko-matematické 
100 1 |a Feenstra, Robert C.